| 000 | 00312 a2200097 4500 | ||
|---|---|---|---|
| 082 | _a363.125 MEY | ||
| 100 | _aMeyer, Michael D. | ||
| 245 |
_aCrashes vs. Congestion What's the Cost to Society / _cMichael D. Meyer |
||
| 260 |
_aMaryland : _bCambridge Systematics, _c2008 |
||
| 300 |
_avarious Pages _bill. ; _c30 cm |
||
| 650 | _aCrashes --- Society | ||
| 999 |
_c2261 _d2261 |
||